Villes de naissance de personnalités françaises - Statistiques

Statistiques générales
  • Ce quiz a été pris 33 fois
  • Le résultat moyen est 6 sur 15
Statistiques - réponses
Personnalité Ville % Correct
Émile Zola Paris
82%
Marcel Pagnol Aubagne
75%
Marie Skłodowska-Curie Varsovie
64%
Catherine de Médicis Florence
61%
Victor Hugo Besançon
57%
Montaigne Bordeaux
57%
Antoine de Saint-Exupéry Lyon
57%
Jules Verne Nantes
43%
Louis Pasteur Dole
36%
Simone Veil Nice
29%
Pierre Corneille Rouen
29%
Stendhal Grenoble
21%
Joséphine Baker Saint-Louis (Missouri)
14%
Marguerite Yourcenar Bruxelles
11%
Berthe Morisot Bourges
7%
Aucun quiz correspondant
Distribution des résultats
% des personnes avec chaque résultat
Percentile par nombre de réponses
Votre historique - résultats
Vous n’avez pas pris ce quiz